« Sacrée mode! » (notice n° 1583053)

détails MARC
000 -LEADER
fixed length control field 01413cam a2200229 4500500
005 - DATE AND TIME OF LATEST TRANSACTION
control field 20251228052223.0
041 ## - LANGUAGE CODE
Language code of text/sound track or separate title fre
042 ## - AUTHENTICATION CODE
Authentication code dc
100 10 - MAIN ENTRY--PERSONAL NAME
Personal name Örmen, Catherine
Relator term author
245 00 - TITLE STATEMENT
Title « Sacrée mode! »
260 ## - PUBLICATION, DISTRIBUTION, ETC.
Date of publication, distribution, etc. 2009.<br/>
500 ## - GENERAL NOTE
General note 8
520 ## - SUMMARY, ETC.
Summary, etc. RésuméDepuis les années 1980, le postmodernisme fait télescoper les siècles et les genres. Ainsi, se nourrissant du passé, la mode puise-t-elle souvent dans la richesse de l’iconographie chrétienne. En témoignent les tendances baroques de Jean-Paul Gaultier, qui fait défiler en 2007 des saintes très saint-sulpiciennes, de John Galliano chez Dior, qui revisite l’œuvre de Zurbaran, ou de Christian Lacroix qui intitule ses modèles « Gold Gotha ». À l’opposé, sur le papier glacé des magazines, le minimalisme joue, depuis les années 1990, sur le registre de l’épure et de l’ascétisme. La sainteté serait-elle à la mode ? Ou bien les créateurs de mode cherchent-ils à se faire remarquer par une touche d’iconoclasme ?
690 ## - LOCAL SUBJECT ADDED ENTRY--TOPICAL TERM (OCLC, RLIN)
Topical term or geographic name as entry element art baroque
690 ## - LOCAL SUBJECT ADDED ENTRY--TOPICAL TERM (OCLC, RLIN)
Topical term or geographic name as entry element Christian Lacroix
690 ## - LOCAL SUBJECT ADDED ENTRY--TOPICAL TERM (OCLC, RLIN)
Topical term or geographic name as entry element iconographie chrétienne
690 ## - LOCAL SUBJECT ADDED ENTRY--TOPICAL TERM (OCLC, RLIN)
Topical term or geographic name as entry element Jean-Paul Gaultier
690 ## - LOCAL SUBJECT ADDED ENTRY--TOPICAL TERM (OCLC, RLIN)
Topical term or geographic name as entry element minimalisme
690 ## - LOCAL SUBJECT ADDED ENTRY--TOPICAL TERM (OCLC, RLIN)
Topical term or geographic name as entry element postmodernisme
786 0# - DATA SOURCE ENTRY
Note Transversalités | 108 | 4 | 2009-01-15 | p. 153-158 | 1286-9449
856 41 - ELECTRONIC LOCATION AND ACCESS
Uniform Resource Identifier <a href="https://shs.cairn.info/revue-transversalites-2008-4-page-153?lang=fr&redirect-ssocas=7080">https://shs.cairn.info/revue-transversalites-2008-4-page-153?lang=fr&redirect-ssocas=7080</a>

Pas d'exemplaire disponible.

PLUDOC

PLUDOC est la plateforme unique et centralisée de gestion des bibliothèques physiques et numériques de Guinée administré par le CEDUST. Elle est la plus grande base de données de ressources documentaires pour les Étudiants, Enseignants chercheurs et Chercheurs de Guinée.

Adresse

627 919 101/664 919 101

25 boulevard du commerce
Kaloum, Conakry, Guinée

Réseaux sociaux

Powered by Netsen Group @ 2025